000 00541nam a2200181Ia 4500
008 240925s9999 xx 000 0 und d
020 _a9788177587685
082 _a005.117 BRU
100 _aBruegge , Berned
245 0 _aObject Oriented Software Engineering Using UML, Patterns and Java
250 _a2nd
260 _aNew Delhi:
_bPearson Education
_c,2008.
300 _axxv,671p.
_bNA
_fOriginal
500 _aIncludes Index
600 _aComputer Science
650 _aComputer science, information & general works
942 _cBK
999 _c10170
_d10170